Top 30 DJs Français - Statistiques

Statistiques générales
  • Ce quiz a été pris 74 fois
    72 depuis la dernière actualisation
  • Le résultat moyen est 10 sur 30
Statistiques - réponses
Par images Réponse % Correct
Daft Punk
96%
David Guetta
94%
Dj Snake
90%
Bob Sinclar
85%
Martin Solveig
71%
Vladimir Cauchemar
66%
Kungs
63%
Petit Biscuit
54%
Ofenbach
37%
Dj Bens
35%
Mosimann
32%
Justice
29%
Mr Oizo
26%
Laurent Garnier
25%
Malaa
25%
Feder
22%
Tchami
21%
Laurent Wolf
19%
Cut Killer
16%
Boris & Moris
15%
Kavinsky
15%
Etienne De Crecy
12%
Joachim Garraud
12%
The Avener
12%
Cedric Gervais
10%
Mercer
10%
Madeon
9%
Gesaffelstein
7%
Klingande
4%
Le Bask
3%
Aucun quiz correspondant
Distribution des résultats
% des personnes avec chaque résultat
Percentile par nombre de réponses
Votre historique - résultats
Vous n’avez pas pris ce quiz depuis la dernière actualisation